Objekty na trubní závlahové síti : Typový podklad stavebního objektu. Svazek 1. Textová a výkresová část

Guardado en:
Detalles Bibliográficos
Formato: Libro
Lenguaje:checo
Publicado: Praha : Hydroprojekt, 1987
Etiquetas: Agregar Etiqueta
Sin Etiquetas, Sea el primero en etiquetar este registro!

MARC

LEADER 00000nam a22000003a 4500
001 stu231583
005 20150408182909.3
008 110715s1987----xr------------------cze-d
040 |a STU  |b slo 
041 0 |a cze 
044 |a xr 
245 |a Objekty na trubní závlahové síti :  |b Typový podklad stavebního objektu. Svazek 1. Textová a výkresová část 
260 |a Praha :  |b Hydroprojekt,  |c 1987 
996 |b 284V034435  |c V*5628/K-1084  |l VVT  |s A  |a 24  |w stu231583_0001